| 000 | 01291cad a22002295a 4500 | ||
|---|---|---|---|
| 001 | L145937 | ||
| 008 | 081125s2008 xxkad f s 000 0 eng d | ||
| 035 | _a(Sirsi) u145937 | ||
| 041 | 0 | _aeng | |
| 050 | 0 | 4 | _a333.33 $2 18 |
| 110 | 2 |
_aAtisreal _95337 |
|
| 245 | 0 | 0 |
_aEurope quarterly _boffice market quarter three 2008 _h[electronic resource] |
| 260 |
_a[S.l.] _bAtisreal _c2008 |
||
| 490 | 0 |
_aAtisreal Europe Quarterly Office Market _vQuarter Three 2008 |
|
| 520 | _aReports that the economic downturn in the Eurozone and the UK is adversely impacting on office markets, with demand overall falling. Finds prime rents falling in Central London, but more resilient in other cities. Vacancy rates did not increase significantly in the third quarter, except Central London. Elsewhere vacancy rates remain low in the Central Business districts, but tend to increase in the peripheries. Expects a fall in take-up volume and rents and an increase in vacancy rates in most Euromarkets in 2009. | ||
| 590 | _aKA | ||
| 650 | 2 | 4 | _aATISREAL EUROPE QUARTERLY OFFICE MARKET |
| 651 | 4 | _aEurope | |
| 690 | _aPROPERTY-COMMERCIAL PROPERTY-COMMERCIAL PROPERTY MARKET | ||
| 856 | 4 | 0 |
_uhttps://www.atisreal.com/ _zView this report free of charge under market research at www.atisreal.com... |
| 942 | _n0 | ||
| 999 |
_c108974 _d108974 |
||